Signal processing and linear systems / (Record no. 163202)

MARC details
000 -LEADER
fixed length control field 00477nam a22001697a 4500
005 - DATE AND TIME OF LATEST TRANSACTION
control field 20190402132856.0
010 ## - LCCN (DPL NO)
LC control number B-060999
020 ## - INTERNATIONAL STANDARD BOOK NUMBER
International Standard Book Number 0941413357
Terms of availability 295.00
035 ## - SYSTEM CONTROL NUMBER
System control number B-060999
037 ## - SOURCE OF ACQUISITION
Source of stock number/acquisition Oxford university press
082 ## - DEWEY DECIMAL CLASSIFICATION NUMBER
Classification number 621.38
100 ## - MAIN ENTRY--PERSONAL NAME
Personal name Lathi, B.P.
245 ## - TITLE STATEMENT
Title Signal processing and linear systems /
Statement of responsibility, etc B.P. Lathi
260 ## - PUBLICATION, DISTRIBUTION, ETC. (IMPRINT)
Place of publication, distribution, etc New Delhi
Name of publisher, distributor, etc Oxford University Press
Date of publication, distribution, etc 1998
300 ## - PHYSICAL DESCRIPTION
Extent 850p.
Dimensions 24cm(pbk)
942 ## - ADDED ENTRY ELEMENTS (KOHA)
Source of classification or shelving scheme Dewey Decimal Classification
Item type English Books
Classification part 621.38
Call number suffix LAT
Holdings
Withdrawn status Lost status Not for loan Collection code Home library Current library Date acquired Full call number Barcode Koha item type
      Non-fiction Sarojini Nagar Sarojini Nagar 02/04/2019 621.38 LAT B-060999 English Books

© Delhi Public Library
Hit Counter
free hit counter